[Event "Basso Veronese op 5th"]
[Site "Casaleone"]
[Date "2012.05.??"]
[Round "3"]
[White "Magnabosco, Mauro Denis"]
[Black "Barbetta, Cosimo"]
[Result "1-0"]
[WhiteElo "1768"]
[BlackElo "1640"]
[PlyCount "81"]
[EventDate "2012.05.19"]
[EventType "swiss"]
[EventRounds "6"]
[EventCountry "ITA"]
[SourceTitle "EXT 2014"]
[Source "ChessBase"]
[SourceDate "2013.11.20"]
[SourceVersion "1"]
[SourceVersionDate "2013.11.20"]
[SourceQuality "1"]

1. c4 e5 2. g3 Nf6 3. Bg2 c6 4. d4 exd4 5. Qxd4 c5 6. Qd1 Qb6 7. Nc3 Nc6 8. Nf3 Be7 9. 0-0 0-0 10. e3 d6 11. a3 Bg4 12. h3 Be6 13. Nd5 Bxd5 14. cxd5 Na5 15. Nd2 Qc7 16. Nb3 b5 17. Nxa5 Qxa5 18. Bd2 Qc7 19. b4 c4 20. Bc3 h6 21. Qc2 Qc8 22. e4 Nh7 23. Kh2 Bf6 24. f4 Bxc3 25. Qxc3 Rb8 26. Rfe1 Re8 27. e5 Qd7 28. h4 f5 29. Re3 Re7 30. Rae1 Rbe8 31. h5 dxe5 32. fxe5 Ng5 33. Qc2 Rf8 34. d6 Ree8 35. Qd1 f4 36. gxf4 Rxf4 37. e6 Nxe6 38. Rxe6 Rxe6 39. Rxe6 Qf7 40. d7 Rh4+ 41. Kg1 1-0

[Event "Padova Weekend op-B 8th"]
[Site "Padova"]
[Date "2005.12.18"]
[Round "6.25"]
[White "Barbetta, Cosimo"]
[Black "Chiodini, Pietro"]
[Result "0-1"]
[WhiteElo "1586"]
[BlackElo "1703"]
[PlyCount "88"]
[EventDate "2005.12.10"]
[EventType "swiss"]
[EventRounds "6"]
[EventCountry "ITA"]
[SourceTitle "EXT 2024"]
[Source "ChessBase"]
[SourceDate "2023.10.10"]
[SourceVersion "1"]
[SourceVersionDate "2023.10.10"]
[SourceQuality "1"]

1. e4 e5 2. Nf3 Bc5 3. c3 Qe7 4. d3 d6 5. Be2 Nf6 6. Qb3 Nc6 7. Bg5 Bb6 8. Nbd2 Be6 9. Qc2 h6 10. Be3 Bxe3 11. fxe3 g5 12. Nf1 g4 13. N3d2 Nh5 14. Nb3 0-0-0 15. 0-0-0 Ng7 16. g3 Qf6 17. Kb1 Qf2 18. h4 gxh3 19. Rxh3 Bxh3 20. Bg4+ Bxg4 21. Qxf2 Bxd1 22. Qf6 Nh5 23. Qf5+ Kb8 24. Kc1 Be2 25. Nbd2 Ng7 26. Qf6 Ne6 27. Kc2 Bxf1 28. Qxf1 Ng5 29. Qf5 Rhg8 30. b4 Ne7 31. Qf6 Rde8 32. Qxh6 Rg6 33. Qh4 Reg8 34. Kb3 f5 35. a4 fxe4 36. dxe4 R8g7 37. b5 Ne6 38. Kb4 Nc8 39. Qh3 Nc5 40. Nc4 Rxg3 41. Qf1 R7g4 42. Qf7 Nxe4 43. Qd7 Nd2 44. Qe6 Rxc4+ 0-1

[Event "Padova Weekend op-B 8th"]
[Site "Padova"]
[Date "2005.12.18"]
[Round "5.33"]
[White "Chiodini, Sebastiano"]
[Black "Barbetta, Cosimo"]
[Result "0-1"]
[WhiteElo "1419"]
[BlackElo "1586"]
[PlyCount "82"]
[EventDate "2005.12.10"]
[EventType "swiss"]
[EventRounds "6"]
[EventCountry "ITA"]
[SourceTitle "EXT 2024"]
[Source "ChessBase"]
[SourceDate "2023.10.10"]
[SourceVersion "1"]
[SourceVersionDate "2023.10.10"]
[SourceQuality "1"]

1. e4 c5 2. Nf3 Nc6 3. d4 cxd4 4. Nxd4 e6 5. Nc3 Bb4 6. Nxc6 bxc6 7. Bd2 Nf6 8. e5 Bxc3 9. Bxc3 Nd5 10. Bd2 0-0 11. Bd3 f5 12. g4 f4 13. Rg1 Qg5 14. Qe2 Qh4 15. 0-0-0 Bb7 16. g5 f3 17. Qe4 Qxe4 18. Bxe4 g6 19. Rg3 Ba6 20. h4 Be2 21. Rh1 Nf4 22. Rg4 Nh5 23. Re1 Rab8 24. Bd3 Bxd3 25. cxd3 Rf5 26. Rd4 Rb7 27. Ree4 Kf7 28. Bc3 Ke8 29. Bd2 Rb5 30. Rb4 Rfxe5 31. Rxe5 Rxe5 32. Rb8+ Ke7 33. Ra8 Rd5 34. Be3 Kd6 35. Kc2 Ng7 36. Rxa7 Nf5 37. Ra4 Nxe3+ 38. fxe3 f2 39. Rf4 Rf5 40. Rxf2 Rxf2+ 41. Kb3 Rf3 0-1

[Event "Padova Weekend op-B 8th"]
[Site "Padova"]
[Date "2005.12.11"]
[Round "2.26"]
[White "Rigoni, Vinicio"]
[Black "Barbetta, Cosimo"]
[Result "1-0"]
[WhiteElo "1733"]
[BlackElo "1586"]
[PlyCount "53"]
[EventDate "2005.12.10"]
[EventType "swiss"]
[EventRounds "6"]
[EventCountry "ITA"]
[SourceTitle "EXT 2024"]
[Source "ChessBase"]
[SourceDate "2023.10.10"]
[SourceVersion "1"]
[SourceVersionDate "2023.10.10"]
[SourceQuality "1"]

1. d4 d5 2. Nf3 Nf6 3. Bg5 e6 4. e3 Be7 5. Bd3 c5 6. c3 c4 7. Bc2 h6 8. Bf4 Bd6 9. Ne5 Bxe5 10. dxe5 Nfd7 11. h4 Nc6 12. Ba4 Qb6 13. b4 a5 14. a3 0-0 15. Bxc6 bxc6 16. Nd2 a4 17. g4 f6 18. Nf3 fxe5 19. Nxe5 Nxe5 20. Bxe5 Qb7 21. f4 Qf7 22. Qe2 g6 23. 0-0-0 Ba6 24. h5 Kh7 25. hxg6+ Qxg6 26. Rxh6+ Kxh6 27. Rh1+ 1-0

[Event "Treviso U2100 op"]
[Site "Treviso"]
[Date "2005.12.08"]
[Round "4.15"]
[White "Barbetta, Cosimo"]
[Black "Dussin, Davide"]
[Result "0-1"]
[WhiteElo "1586"]
[BlackElo "1763"]
[PlyCount "56"]
[EventDate "2005.12.03"]
[EventType "swiss"]
[EventRounds "5"]
[EventCountry "ITA"]
[SourceTitle "EXT 2024"]
[Source "ChessBase"]
[SourceDate "2023.10.10"]
[SourceVersion "1"]
[SourceVersionDate "2023.10.10"]
[SourceQuality "1"]

1. e4 c6 2. c3 d5 3. e5 Bf5 4. d4 e6 5. Bd3 Bxd3 6. Qxd3 Ne7 7. Nf3 Nf5 8. b3 Qb6 9. a4 c5 10. Nbd2 cxd4 11. cxd4 Nc6 12. 0-0 Bb4 13. Bb2 0-0 14. Rad1 Rac8 15. Nb1 Rc7 16. g4 Nfe7 17. Ng5 Ng6 18. h3 Be7 19. Nf3 f6 20. h4 fxe5 21. dxe5 Nxh4 22. Nxh4 Bxh4 23. Bd4 Nxd4 24. Qxd4 Qxb3 25. Nd2 Qh3 26. Rb1 Rc3 27. Rxb7 Bxf2+ 28. Rxf2 Rg3+ 0-1

[Event "Treviso U2100 op"]
[Site "Treviso"]
[Date "2005.12.04"]
[Round "3.13"]
[White "Marson, Antonio"]
[Black "Barbetta, Cosimo"]
[Result "1/2-1/2"]
[WhiteElo "1854"]
[BlackElo "1586"]
[PlyCount "49"]
[EventDate "2005.12.03"]
[EventType "swiss"]
[EventRounds "5"]
[EventCountry "ITA"]
[SourceTitle "EXT 2024"]
[Source "ChessBase"]
[SourceDate "2023.10.10"]
[SourceVersion "1"]
[SourceVersionDate "2023.10.10"]
[SourceQuality "1"]

1. d4 Nf6 2. Bf4 d5 3. e3 e6 4. c3 Bd6 5. Bxd6 Qxd6 6. Nf3 0-0 7. Ne5 Nbd7 8. Nxd7 Bxd7 9. Nd2 a6 10. a4 c5 11. Nf3 c4 12. Ne5 Be8 13. Be2 Nd7 14. f4 Qb6 15. Qd2 Nxe5 16. fxe5 Qd8 17. 0-0 Bc6 18. Bd1 Qg5 19. Bc2 f5 20. exf6 Rxf6 21. Rxf6 Qxf6 22. Rf1 Qe7 23. Rf3 Rf8 24. Qf2 Rxf3 25. Qxf3 1/2-1/2

[Event "Veneto-ch Quarti di Finale 64th"]
[Site "Arqua Petrarca"]
[Date "2004.05.16"]
[Round "5.26"]
[White "Chiesa, Roberto"]
[Black "Barbetta, Cosimo"]
[Result "1-0"]
[WhiteElo "1700"]
[BlackElo "1625"]
[PlyCount "119"]
[EventDate "2004.05.08"]
[EventType "swiss"]
[EventRounds "6"]
[EventCountry "ITA"]
[SourceTitle "EXT 2023"]
[Source "ChessBase"]
[SourceDate "2022.10.05"]
[SourceVersion "1"]
[SourceVersionDate "2022.10.05"]
[SourceQuality "1"]

1. d4 d5 2. c4 Nf6 3. Nc3 e6 4. Bg5 c6 5. Nf3 h6 6. Bh4 Be7 7. e3 Nbd7 8. Rc1 0-0 9. Bd3 Nh7 10. Bg3 f5 11. cxd5 cxd5 12. 0-0 Ng5 13. Nb5 a6 14. Nc7 Ra7 15. Nxg5 Bxg5 16. Nxe6 Qe7 17. Nxf8 Qxf8 18. Qc2 Ra8 19. Bxf5 Nb6 20. Bd3 Be6 21. Qb3 Nc4 22. Bxc4 dxc4 23. Qxb7 Bg4 24. Qd5+ Kh8 25. Qxc4 Bd7 26. Qb3 Re8 27. a3 h5 28. Rc5 Be6 29. Qc3 Bf5 30. Qa5 g6 31. Be5+ Bf6 32. Bxf6+ Qxf6 33. Qc3 Qh4 34. d5+ Kg8 35. Rc7 Re7 36. Rxe7 Qxe7 37. Qc4 Kg7 38. Rc1 Kh6 39. Qf4+ Qg5 40. Qxg5+ Kxg5 41. f3 h4 42. e4 Bd7 43. Rc7 Bb5 44. Rf7 Be8 45. Rf8 Bb5 46. h3 Bc4 47. Kf2 a5 48. d6 Be6 49. b4 axb4 50. axb4 Bd7 51. f4+ Kh6 52. Rd8 Bc6 53. e5 Kg7 54. Rc8 Bb5 55. Rb8 Ba4 56. b5 g5 57. fxg5 Kf7 58. d7 Ke6 59. d8Q Kxe5 60. Qe7+ 1-0

[Event "Veneto-ch Quarti di Finale 64th"]
[Site "Arqua Petrarca"]
[Date "2004.05.15"]
[Round "4.24"]
[White "Barbetta, Cosimo"]
[Black "Ballarin, Gabriele"]
[Result "0-1"]
[WhiteElo "1625"]
[BlackElo "1754"]
[PlyCount "66"]
[EventDate "2004.05.08"]
[EventType "swiss"]
[EventRounds "6"]
[EventCountry "ITA"]
[SourceTitle "EXT 2023"]
[Source "ChessBase"]
[SourceDate "2022.10.05"]
[SourceVersion "1"]
[SourceVersionDate "2022.10.05"]
[SourceQuality "1"]

1. e4 c5 2. Nf3 e6 3. c4 d5 4. cxd5 exd5 5. e5 Nc6 6. Bb5 Qb6 7. Bxc6+ Qxc6 8. 0-0 d4 9. d3 Bg4 10. Nbd2 Ne7 11. h3 Bf5 12. Nc4 Nc8 13. b3 b5 14. Nb2 a5 15. a4 Nb6 16. axb5 Qxb5 17. Nc4 Nxc4 18. bxc4 Qc6 19. Qa4 Qxa4 20. Rxa4 Bxd3 21. Re1 Bc2 22. Ra3 a4 23. Nd2 Be7 24. f4 g5 25. f5 Bxf5 26. Ne4 Bxe4 27. Rxe4 Kd7 28. Kf2 Rhb8 29. Kg3 h5 30. Rf3 Rb3 31. e6+ fxe6 32. Rxb3 axb3 33. Re5 Bd6 0-1

[Event "Veneto-ch Quarti di Finale 64th"]
[Site "Arqua Petrarca"]
[Date "2004.05.09"]
[Round "2.24"]
[White "Barbetta, Cosimo"]
[Black "Ferrari, Mario"]
[Result "0-1"]
[WhiteElo "1625"]
[BlackElo "1759"]
[PlyCount "114"]
[EventDate "2004.05.08"]
[EventType "swiss"]
[EventRounds "6"]
[EventCountry "ITA"]
[SourceTitle "EXT 2023"]
[Source "ChessBase"]
[SourceDate "2022.10.05"]
[SourceVersion "1"]
[SourceVersionDate "2022.10.05"]
[SourceQuality "1"]

1. e4 e6 2. c3 d5 3. e5 c5 4. Nf3 Nc6 5. d4 Qb6 6. Be2 cxd4 7. cxd4 Nge7 8. 0-0 Nf5 9. Nc3 Nfxd4 10. Nxd4 Nxd4 11. Be3 Nxe2+ 12. Qxe2 Qd8 13. Bd4 Be7 14. Rac1 0-0 15. Nb5 Bd7 16. a3 Bxb5 17. Qxb5 b6 18. f4 Rc8 19. b4 Qe8 20. Qa6 Qd7 21. Rcd1 Rc4 22. g3 Rfc8 23. Rf3 Qc7 24. Rfd3 Rc2 25. Qa4 Qc4 26. Qb3 Qxb3 27. Rxb3 R8c4 28. Rbd3 Re2 29. R3d2 Re4 30. Kg2 g5 31. Kf3 Kg7 32. h3 Kg6 33. Be3 h5 34. Rd3 f5 35. Kg2 Rc2+ 36. R1d2 Rec4 37. fxg5 Bxg5 38. Bxg5 Kxg5 39. Kf3 Rxd2 40. Rxd2 f4 41. Rd3 fxg3 42. Kxg3 Kf5 43. Rf3+ Kxe5 44. Rf7 Rc3+ 45. Kh4 Rxa3 46. Rh7 d4 47. Rxh5+ Ke4 48. Kg5 Rf3 49. Kg4 Rf4+ 50. Kg3 d3 51. Rh8 Rf5 52. Rd8 Ke3 53. Rd6 e5 54. Kg4 Rf4+ 55. Kg3 d2 56. Rd5 e4 57. Rxd2 Rf3+ 0-1

[Event "Padova op-A 5th"]
[Site "Padova"]
[Date "2002.12.21"]
[Round "4.37"]
[White "Barbetta, Cosimo"]
[Black "Galliera, Dino"]
[Result "0-1"]
[WhiteElo "1522"]
[BlackElo "1648"]
[PlyCount "152"]
[EventDate "2002.12.14"]
[EventType "swiss"]
[EventRounds "6"]
[EventCountry "ITA"]
[SourceTitle "EXT 2023"]
[Source "ChessBase"]
[SourceDate "2022.10.05"]
[SourceVersion "1"]
[SourceVersionDate "2022.10.05"]
[SourceQuality "1"]

1. e4 e6 2. c3 d5 3. e5 c5 4. Nf3 Bd7 5. Be2 Nc6 6. Bb5 Nxe5 7. Bxd7+ Nxd7 8. Qb3 Qb6 9. Qa4 Bd6 10. 0-0 Ngf6 11. h3 0-0 12. d3 Rac8 13. Qd1 Bb8 14. Nbd2 Qc7 15. Re1 Nh5 16. Nf1 Nf4 17. d4 cxd4 18. Qxd4 Qc4 19. Qxc4 Rxc4 20. Bxf4 Bxf4 21. Ne3 Bxe3 22. Rxe3 Rfc8 23. Nd2 R4c6 24. Nf3 g6 25. Nd4 Rb6 26. b4 e5 27. Nf3 d4 28. cxd4 exd4 29. Nxd4 Rxb4 30. Nb3 Rc2 31. a3 Rb6 32. a4 Rb2 33. Nd4 Rb1+ 34. Rxb1 Rxb1+ 35. Kh2 Rb4 36. Rd3 Nc5 37. Rd1 Rxa4 38. Nb5 a6 39. Rd8+ Kg7 40. Nc7 Re4 41. g4 Ne6 42. Ne8+ Kf8 43. Rb8 Ke7 44. g5 Rb4 45. Nf6 Kd6 46. Nxh7 Kc7 47. Re8 Kd6 48. Kg3 a5 49. Ra8 a4 50. h4 b5 51. Nf6 Rb3+ 52. f3 a3 53. Ra6+ Kc5 54. Ne4+ Kb4 55. Nd6 Nd4 56. Ra7 Rxf3+ 57. Kg4 Rf1 58. Nxf7 a2 59. Rxa2 Rxf7 60. Ra6 Rg7 61. Kf4 Kc5 62. Ke5 Rg8 63. Kf6 Rh8 64. Kxg6 Rxh4 65. Kf7 Nf3 66. g6 Ne5+ 67. Kf6 Nxg6 68. Kxg6 Rd4 69. Kf5 b4 70. Ke5 Rh4 71. Ra8 Kc4 72. Rc8+ Kb3 73. Kd5 Kb2 74. Rc4 Rxc4 75. Kxc4 b3 76. Kb4 Ka2 0-1

[Event "Padova op-A 5th"]
[Site "Padova"]
[Date "2002.12.14"]
[Round "1.31"]
[White "Rossi, Damiano"]
[Black "Barbetta, Cosimo"]
[Result "1-0"]
[WhiteElo "1750"]
[BlackElo "1522"]
[PlyCount "109"]
[EventDate "2002.12.14"]
[EventType "swiss"]
[EventRounds "6"]
[EventCountry "ITA"]
[SourceTitle "EXT 2023"]
[Source "ChessBase"]
[SourceDate "2022.10.05"]
[SourceVersion "1"]
[SourceVersionDate "2022.10.05"]
[SourceQuality "1"]

1. d4 c5 2. d5 Nf6 3. c4 d6 4. Nc3 a6 5. e4 e5 6. Bd3 Be7 7. f4 Nbd7 8. Nf3 Ng4 9. 0-0 h5 10. Qa4 0-0 11. Qd1 Bf6 12. h3 Nh6 13. Ne1 exf4 14. Bxf4 Bd4+ 15. Kh1 Ne5 16. Qxh5 Qf6 17. Bxe5 Qxe5 18. Qxe5 Bxe5 19. Nf3 f6 20. Nxe5 dxe5 21. Na4 Rb8 22. Nxc5 b6 23. Nb3 f5 24. Nd2 f4 25. Nf3 Nf7 26. b4 g5 27. Rab1 Kg7 28. c5 b5 29. Nh2 Rh8 30. Be2 Rh4 31. Bg4 Nh6 32. Bxc8 Rxc8 33. Nf3 Rh5 34. Nxe5 Re8 35. c6 g4 36. Nxg4 Nxg4 37. Rxf4 Nf6 38. d6 Rhe5 39. d7 Nxd7 40. cxd7 Rd8 41. Rd1 Re7 42. Rd6 Rdxd7 43. Rxa6 Rd4 44. a3 Rdxe4 45. Rxe4 Rxe4 46. Ra5 Re1+ 47. Kh2 Re3 48. Rxb5 Rxa3 49. Rg5+ Kh6 50. Rg3 Ra8 51. b5 Kh5 52. b6 Kh4 53. b7 Ra1 54. Rg4+ Kh5 55. b8Q 1-0

[Event "Padova Fornace op 4th"]
[Site "Padova"]
[Date "2001.12.23"]
[Round "6.22"]
[White "Barbetta, Cosimo"]
[Black "Fragni, Enrico"]
[Result "1-0"]
[WhiteElo "1540"]
[BlackElo "1528"]
[PlyCount "63"]
[EventDate "2001.12.15"]
[EventType "swiss"]
[EventRounds "6"]
[EventCountry "ITA"]
[SourceTitle "EXT 2024"]
[Source "ChessBase"]
[SourceDate "2023.10.10"]
[SourceVersion "1"]
[SourceVersionDate "2023.10.10"]
[SourceQuality "1"]

1. Nf3 d6 2. c3 e5 3. e4 Bg4 4. Be2 Nf6 5. 0-0 Nxe4 6. Qa4+ Qd7 7. Qxe4 Bf5 8. Qxb7 Be7 9. Qxa8 0-0 10. Qxa7 Nc6 11. Qa4 g5 12. Bb5 Bg4 13. Bxc6 Qe6 14. Qe4 Bf5 15. Qd5 Qg6 16. d4 g4 17. Ne1 Bxb1 18. Be3 Bf5 19. a4 Be6 20. Qb5 Bf5 21. a5 e4 22. a6 d5 23. a7 Bd6 24. g3 h5 25. a8Q h4 26. Qxf8+ Bxf8 27. Qxd5 Bd6 28. Ng2 hxg3 29. fxg3 Be6 30. Qxe4 f5 31. Nf4 fxe4 32. Nxg6 1-0

[Event "Padova Fornace op 4th"]
[Site "Padova"]
[Date "2001.12.16"]
[Round "2.28"]
[White "Barbetta, Cosimo"]
[Black "Pietrobon, Mirco"]
[Result "1/2-1/2"]
[WhiteElo "1540"]
[BlackElo "1500"]
[PlyCount "94"]
[EventDate "2001.12.15"]
[EventType "swiss"]
[EventRounds "6"]
[EventCountry "ITA"]
[SourceTitle "EXT 2024"]
[Source "ChessBase"]
[SourceDate "2023.10.10"]
[SourceVersion "1"]
[SourceVersionDate "2023.10.10"]
[SourceQuality "1"]

1. e4 e5 2. Nf3 Nc6 3. c3 d5 4. Bd3 Bg4 5. h3 Bh5 6. g4 Bg6 7. Qc2 dxe4 8. Bxe4 Bxe4 9. Qxe4 Nf6 10. Qa4 Qd5 11. Qd1 e4 12. Nh4 e3 13. Qf3 exf2+ 14. Kxf2 Qxf3+ 15. Nxf3 0-0-0 16. d4 Ne4+ 17. Kg2 Bd6 18. Ng5 Nxg5 19. Bxg5 Rde8 20. Rf1 f6 21. Bf4 Re2+ 22. Kf3 Rxb2 23. Bxd6 cxd6 24. Na3 Na5 25. Rf2 Rxf2+ 26. Kxf2 a6 27. Re1 Kd7 28. Re4 Re8 29. Kf3 Rxe4 30. Kxe4 g6 31. d5 b5 32. h4 h6 33. Kd4 Nb7 34. Nc2 Nc5 35. Nb4 h5 36. gxh5 gxh5 37. Ke3 Ke7 38. Kd4 Kf7 39. c4 bxc4 40. Kxc4 f5 41. Nd3 Nxd3 42. Kxd3 Kf6 43. Kd4 a5 44. a4 Ke7 45. Ke3 Kf7 46. Kf3 Ke7 47. Kg3 Kf7 1/2-1/2

[Event "Padova op 4th"]
[Site "Padova"]
[Date "2001.12.15"]
[Round "1"]
[White "Lain, Luigi"]
[Black "Barbetta, Cosimo"]
[Result "1-0"]
[WhiteElo "1906"]
[BlackElo "1540"]
[PlyCount "105"]
[EventDate "2001.12.15"]
[EventType "swiss"]
[EventRounds "6"]
[EventCountry "ITA"]
[SourceTitle "EXT 2024"]
[Source "ChessBase"]
[SourceDate "2023.10.10"]
[SourceVersion "1"]
[SourceVersionDate "2023.10.10"]
[SourceQuality "1"]

1. d4 e6 2. c4 Nf6 3. Nc3 c6 4. Bg5 d6 5. Nf3 Nbd7 6. e4 Qa5 7. Bd3 h6 8. Bh4 Be7 9. 0-0 Qd8 10. Nd2 e5 11. Nb3 a6 12. Bg3 0-0 13. Bc2 b5 14. cxb5 cxb5 15. f4 exd4 16. Nxd4 Bb7 17. e5 dxe5 18. fxe5 Nd5 19. Qd3 f5 20. Nxf5 Bc5+ 21. Kh1 N5f6 22. exf6 Nxf6 23. Nxh6+ Kh8 24. Rxf6 Qxd3 25. Rxf8+ Rxf8 26. Bxd3 gxh6 27. Be4 Bc8 28. h3 Bd4 29. Rd1 Bg7 30. Kh2 Be6 31. Rd6 b4 32. Rxe6 bxc3 33. bxc3 Bxc3 34. Rxh6+ Kg7 35. Rxa6 Rf6 36. Rxf6 Kxf6 37. a4 Ba5 38. Bf4 Kg7 39. Bg5 Kh8 40. Bh6 Kg8 41. Bg6 Kh8 42. g4 Kg8 43. Kg2 Bc3 44. Kf3 Ba5 45. Ke4 Bb4 46. Kd5 Ba5 47. Kc4 Be1 48. Kb5 Bg3 49. a5 Bd6 50. a6 Be5 51. a7 Bg7 52. a8R+ Bf8 53. Rxf8# 1-0

[Event "Padova op-B 3rd"]
[Site "Padova"]
[Date "2000.12.10"]
[Round "6.35"]
[White "Galiano, Salvatore"]
[Black "Barbetta, Cosimo"]
[Result "0-1"]
[WhiteElo "1416"]
[BlackElo "1600"]
[PlyCount "81"]
[EventDate "2000.12.02"]
[EventType "swiss"]
[EventRounds "6"]
[EventCountry "ITA"]
[SourceTitle "EXT 2024"]
[Source "ChessBase"]
[SourceDate "2023.10.10"]
[SourceVersion "1"]
[SourceVersionDate "2023.10.10"]
[SourceQuality "1"]

1. f4 d5 2. Nf3 h6 3. e3 Nf6 4. b3 e6 5. Bb2 Be7 6. Bd3 Nc6 7. 0-0 Bd6 8. Ne5 Bd7 9. a3 Bxe5 10. fxe5 Nh7 11. Qh5 Qe7 12. Bg6 fxg6 13. Qxg6+ Kd8 14. Rf7 Be8 15. Qxg7 Qxf7 16. Qxh8 Ne7 17. Nc3 Qg8 18. Qxg8 Nxg8 19. h4 Bg6 20. d3 Kd7 21. e4 c6 22. Ne2 dxe4 23. dxe4 Bxe4 24. c4 Re8 25. Ng3 Bc2 26. b4 Kc7 27. Rf1 Rd8 28. Bd4 Rxd4 29. Rf7+ Rd7 30. Rf2 Bb3 31. c5 Ne7 32. Nh5 Nf5 33. g4 Nxh4 34. Nf6 Nxf6 35. exf6 Rf7 36. Kh2 Bd5 37. Kg3 Ng6 38. g5 hxg5 39. Kg4 Be4 40. Kxg5 Kd8 41. Rd2+ 0-1

[Event "Padova op-B 3rd"]
[Site "Padova"]
[Date "2000.12.09"]
[Round "4.24"]
[White "Muzhaqi, Halit"]
[Black "Barbetta, Cosimo"]
[Result "1-0"]
[WhiteElo "1500"]
[BlackElo "1600"]
[PlyCount "66"]
[EventDate "2000.12.02"]
[EventType "swiss"]
[EventRounds "6"]
[EventCountry "ITA"]
[SourceTitle "EXT 2024"]
[Source "ChessBase"]
[SourceDate "2023.10.10"]
[SourceVersion "1"]
[SourceVersionDate "2023.10.10"]
[SourceQuality "1"]

1. e4 c5 2. f4 Nc6 3. Nf3 Nd4 4. Bc4 e6 5. 0-0 b5 6. Nxd4 bxc4 7. Nf3 Nf6 8. Nc3 Bb7 9. Qe2 Ba6 10. b3 Nh5 11. Ne5 g6 12. Nxc4 Bxc4 13. Qxc4 Qc7 14. f5 Bd6 15. h3 Nf4 16. Nb5 Nxh3+ 17. gxh3 Bh2+ 18. Kh1 Qg3 19. Qe2 Qxh3 20. Nc7+ Bxc7+ 21. Kg1 Be5 22. c3 0-0 23. Ba3 Qg3+ 24. Kh1 Rfc8 25. Rf2 d6 26. Re1 a5 27. Rf3 Qh4+ 28. Kg1 a4 29. b4 Bh2+ 30. Kg2 Be5 31. Rh1 Qg5+ 32. Kf1 Rc6 33. Ke1 Rac8 1-0